000 00677nam a22002057a 4500
005 20251108164031.0
008 250721s9999 xx 000 0 ara d
082 1 4 _a327.11/شرا
100 1 _aشرابي، نظام
245 1 0 _aأمركيا و العرب :
_bالسياسة الأمريكية في الوطن العربي في القرن العشرين /
264 _bرياض الريس،
_c[19-].
300 _a796ص
650 1 7 _aالعلاقات الدولية
650 1 7 _aالسياسة الدولية
650 1 7 _aالسياسة الخارجية
650 1 7 _aأميركا
650 1 7 _aالبلدان العربية
942 _2ddc
_cBK
999 _c1929
_d1929